000 00498nam a22001577a 4500
005 20251108171017.0
008 250721s9999 xx 000 0 ara d
082 1 4 _aم/211.1/قرآ
245 1 0 _aالقرآن الكريم بالرسم العثماني /
264 1 _aدمشق :
_bتهامة للنشر و المكتبات : مؤسسة علوم القرآن،
_c[19-].
300 _a846ص
650 1 7 _aالقرآن الكريم
650 1 7 _aمصاحف
942 _2ddc
_cREF
999 _c54300
_d54300